000 00468ntaaa2200181 4500
003 01
005 20251027202328.0
008 0714s1973 ag 01
040 _aAR-BaBN
_bspa
_cAR-BaBN
_eaacr
_dRIC
082 _a291.1000 B66
100 _aBouquet, A.C.
_912447
245 _aShould christianity be exclusive?
250 _a1 ed.
260 _aLondon :
_bSPCK,
_cc1960
300 _a19 p
500 _aComparación del cristianismo con otras religiones
942 _cBK
999 _c18133
_d18133